000 01045cam a2200241 4500
001 L136491
008 070205n2005 000 0 eng u
020 _a1853839760
_a9781853839764
035 _a(Sirsi) u136491
050 4 _a333.72 $2 18
245 0 0 _aEnvironmental management in organizations
_bthe IEMA handbook
260 _aLondon
_bEarthscan Publications
_c2005
300 _axxxiii, 438p.
_c25cm.
520 _aDiscusses the relevance and urgency of implementing sustainable environmental practices, and the relevant national and international legislation. Provides a guide to implementing good practices and to evaluation systems.
590 _aKA
650 2 4 _aCOUNTRYSIDE AND RIGHTS OF WAY ACT 2000
650 2 4 _aSURFACE WATER (RIVER ECOSYSTEM) (CLASSIFICATION) REGULATIONS 1994
650 2 4 _aKYOTO PROTOCOL TO THE UNITED NATIONS FRAMEWORK CONVENTION ON CLIMATE CHANGE
651 4 _aInternational
690 _aENVIRONMENTAL AND LAND CONSULTANCY-ENVIRONMENTAL MANAGEMENT
700 1 _aBrady, John
_eEditor
942 _n0
999 _c106409
_d106409